Представление документа в формате MARC21

Поле Инд. ПП Название Значение
Тип записи m
Библиографический уровень m
001 Контрольный номер RU/LIBMSTU/337881816
005 Дата корректировки 20250317120404.0
008 Кодируемые данные 101025|||||||||ru |||||||||||||||||rus||
040 b Код языка каталог. rus
041 0_ a Код языка текста rus
084 a Индекс другой классификации/Индекс ББК 94+87.3(2)5+67.1+67.410.9
090 x Авторский знак Я 96
100 1_ a Автор Яшин А. Н.
245 10 a Заглавие Философские идеи русских мыслителей судебной защиты II половины XIX века (А. Ф. Кони, В. Д. Спасович, Ф. Н. Плевако, К. К. Арсеньев, С. А. Андреевский)
b Продолж. заглавия автореф. дис. ... канд. филос. наук : 09.00.03 "История философии"
h Физич. носитель Электронный ресурс
c Ответственность Мурман. гос. техн. ун-т
256 a Характеристики компьютерного файла Электрон. текстовые дан. (1 файл : 250 Кб)
260 a Место издания Мурманск
c Дата издания 2009
500 a Примечание URL: https://mstu.mauniver.ru/science/diss/k307_09_01/files/yashin.pdf
500 10 a Примечание Загл. с экрана
500 10 a Примечание Имеется печ. аналог 2009 г.
583 x Служебное примечание Полнотекстовые документы
x Служебное примечание Труды преподавателей МГТУ
600 14 a Персоналии Кони А. Ф., российский юрист, судья
600 34 a Персоналии Спасович В. Д., русский юрист-правовед, публицист
600 34 a Персоналии Плевако Ф. Н., адвокат, юрист
600 34 a Персоналии Арсеньев К. К., русский писатель
600 34 a Персоналии Андреевский С. А., русский поэт
650 04 a Основная рубрика Адвокатура-Россия, 19 в.-Авторефераты диссертаций
650 14 a Основная рубрика Адвокатура-Историко-философская мысль-Авторефераты диссертаций
653 0_ a Ключевые слова Адвокатура
a Ключевые слова Труды преподавателей МГТУ
653 1_ a Ключевые слова Русская адвокатура
653 1_ a Ключевые слова Историко-философская мысль
653 1_ a Ключевые слова Авторефераты диссертаций
a Ключевые слова Электронные версии
856 40 u URL https://mstu.mauniver.ru/science/diss/k307_09_01/files/yashin.pdf
901 t Тип документа r